A-Z Cities: European Union - Statistics

General Stats
  • This quiz has been taken 60 times
  • The average score is 18 of 20
Answer Stats
Hint Answer % Correct
A Amsterdam
100%
M Madrid
100%
P Paris
100%
R Rome
100%
V Vienna
100%
B Berlin
98%
W Warsaw
98%
H Hamburg
96%
S Sofia
96%
K Kraków
94%
N Naples
94%
Z Zagreb
94%
F Frankfurt
93%
T Turin
93%
C Cologne
91%
G Gothenburg
89%
U Utrecht
85%
D Düsseldorf
83%
E Essen
69%
L Łódź
63%
No matching quizzes found
Score Distribution
Percent of People with Each Score
Percentile by Number Answered
Your Score History
You have not taken this quiz